[Event "SpeedChess Final 2025"]
[Site "London ENG"]
[Date "2026.02.08"]
[Round "2.11"]
[White "Carlsen, Magnus"]
[Black "Firouzja, Alireza"]
[Result "1/2-1/2"]
[WhiteTitle "GM"]
[BlackTitle "GM"]
[WhiteElo "2840"]
[BlackElo "2759"]
[WhiteFideId "1503014"]
[BlackFideId "12573981"]
[EventDate "2026.02.07"]
[EventType "k.o."]

1. e4 c5 2. Nf3 d6 3. Bc4 Nf6 4. d3 Nc6 5. O-O Bg4 6. h3 Bh5 7. Re1 e6 8. Nbd2
Be7 9. Bb3 O-O 10. c3 d5 11. Qe2 b5 12. a4 b4 13. exd5 exd5 14. Nf1 Rb8 15. Bd1
Bd6 16. Bg5 h6 17. Bh4 bxc3 18. bxc3 d4 19. Qd2 dxc3 20. Qxc3 Nb4 21. Ng3 Bg6
22. Ne4 Be7 23. Nxf6+ Bxf6 24. Bxf6 Qxf6 25. Qxf6 gxf6 26. Re3 Bxd3 27. Rc1 c4
28. Be2 Rfd8 29. Bxd3 cxd3 30. Rd1 Rbc8 31. Kf1 a5 32. Re4 Rc2 33. Nd4 Rc4 34.
Rg4+ Kh7 35. Nb3 Rxg4 36. hxg4 Rd5 37. f3 Nc6 38. Ke1 Ne5 39. Kd2 Kg6 40. Rc1 f5
41. f4 Nxg4 42. Rc5 Rd6 43. Nxa5 Nf6 44. Rc6 Ne4+ 45. Ke3 Rxc6 46. Nxc6 d2 47.
Ke2 Nc3+ 48. Kxd2 Nxa4 49. Ne5+ Kg7 50. Ke3 Nc5 51. Kf3 Ne6 52. Nc4 Kf6 53. g3
Nf8 54. Ne3 Ke6 55. Kg2 Nd7 56. Kh3 Nf6 57. Kh4 Ne4 58. Kh3 Kf6 59. Kh4 Kg6 60.
Kh3 Nf2+ 61. Kh4 Ne4 62. Kh3 Nf6 63. Kh4 Ne4 1/2-1/2

[Event "SpeedChess Final 2025"]
[Site "London ENG"]
[Date "2026.02.08"]
[Round "2.11"]
[White "Nakamura, Hikaru"]
[Black "Lazavik, Denis"]
[Result "1-0"]
[WhiteTitle "GM"]
[BlackTitle "GM"]
[WhiteElo "2810"]
[BlackElo "2605"]
[WhiteFideId "2016192"]
[BlackFideId "13515110"]
[EventDate "2026.02.07"]
[EventType "k.o."]

1. e4 e5 2. Nf3 Nc6 3. Bb5 a6 4. Ba4 Nf6 5. d3 b5 6. Bb3 Bc5 7. a4 Rb8 8. axb5
axb5 9. Nc3 h6 10. Nd5 d6 11. c3 Nxd5 12. exd5 Ne7 13. d4 exd4 14. Nxd4 O-O 15.
O-O Bd7 16. Qd3 Ng6 17. Ne6 Ne5 18. Qg3 fxe6 19. dxe6 Bxe6 20. Bxe6+ Kh8 21. Bb3
Qf6 22. Be3 Bxe3 23. Qxe3 b4 24. Bc2 Qf4 25. Qxf4 Rxf4 26. cxb4 Rfxb4 27. b3 Nc6
28. Rfe1 Ne5 29. Ra7 R4b7 30. Rxb7 Rxb7 31. f4 1-0

[Event "SpeedChess Final 2025"]
[Site "London ENG"]
[Date "2026.02.08"]
[Round "2.12"]
[White "Firouzja, Alireza"]
[Black "Carlsen, Magnus"]
[Result "1-0"]
[WhiteTitle "GM"]
[BlackTitle "GM"]
[WhiteElo "2759"]
[BlackElo "2840"]
[WhiteFideId "12573981"]
[BlackFideId "1503014"]
[EventDate "2026.02.07"]
[EventType "k.o."]

1. d4 Nf6 2. c4 e6 3. Nf3 d5 4. Nc3 c6 5. g3 Be7 6. Bg2 O-O 7. O-O Nbd7 8. Qd3
a5 9. e4 b6 10. e5 dxc4 11. Qe2 Nd5 12. Nd2 Ba6 13. Rd1 b5 14. Qg4 b4 15. Nce4
Kh8 16. Nf3 f5 17. exf6 N7xf6 18. Nxf6 Rxf6 19. Ne5 Rc8 20. Be4 Qg8 21. Bg5 Re8
22. Qh3 c3 23. b3 Ref8 24. Re1 g6 25. Bxf6+ Rxf6 26. Nd7 Bc8 27. Nxf6 Bxf6 28.
Rad1 e5 29. Qf1 exd4 30. Qc4 Ne7 31. Rxd4 Be6 32. Qc5 Bxd4 33. Qxd4+ Qg7 34. Qd6
Bg8 35. Bc2 Nf5 36. Bxf5 gxf5 37. Qxc6 Qd4 38. Qc7 f4 39. Qc6 Kg7 40. Qc7+ Bf7
41. Qxa5 c2 42. Qg5+ Bg6 43. Qxf4 Qd1 44. Qc1 Bh5 45. Qg5+ Kf7 46. Qc1 Bf3 47.
h3 h5 48. Qf4+ Kg6 49. Qc1 Kf5 50. h4 Qxc1 51. Rxc1 Bd1 52. Kf1 Ke4 53. Ke1 Kf3
54. Ra1 Kg4 55. f4 1-0

[Event "SpeedChess Final 2025"]
[Site "London ENG"]
[Date "2026.02.08"]
[Round "2.12"]
[White "Lazavik, Denis"]
[Black "Nakamura, Hikaru"]
[Result "1/2-1/2"]
[WhiteTitle "GM"]
[BlackTitle "GM"]
[WhiteElo "2605"]
[BlackElo "2810"]
[WhiteFideId "13515110"]
[BlackFideId "2016192"]
[EventDate "2026.02.07"]
[EventType "k.o."]

1. c4 e5 2. Nc3 Nf6 3. Nf3 Nc6 4. d3 g6 5. g3 Bg7 6. Bg2 O-O 7. O-O d6 8. Rb1 a5
9. a3 Nd4 10. b4 axb4 11. axb4 Re8 12. b5 Bg4 13. Be3 Nd7 14. Bxd4 exd4 15. Ne4
h6 16. h3 Be6 17. Ned2 Nc5 18. Nb3 Nxb3 19. Qxb3 d5 20. c5 c6 21. Qb4 Qf6 22.
Ra1 Rab8 23. Ra7 Bd7 24. bxc6 bxc6 25. Qd2 Bf5 26. Ra4 Qe7 27. Nxd4 Bd7 28. Rc1
Bxd4 29. Rxd4 Qxe2 30. Qxh6 Rb2 31. Rf1 Qe5 32. Rh4 Qg7 33. Qxg7+ Kxg7 34. Ra4
Rc2 35. d4 Ree2 36. g4 Red2 37. Ra7 Be6 38. Ra6 Rxd4 39. Rxc6 Rdd2 40. Rd6 Rxc5
41. Bf3 d4 42. Kg2 Rcc2 43. Kg3 Rc3 44. Kg2 Rdd3 45. Be4 Rd2 46. Bf3 Bc4 47. Rd1
Rxd1 48. Bxd1 d3 49. Bf3 Rc2 50. Kg3 d2 51. Kf4 Bb3 52. Kg3 Ra2 53. Rd3 Ba4 54.
Rd4 Kf6 55. Kf4 g5+ 56. Kg3 Ke5 57. Rd3 Kf6 58. Rd6+ Ke7 59. Rd4 Kf8 60. Kg2 Kg7
61. Be2 Bb3 62. Kf3 Ra3 63. Kg2 Ra2 64. Kf3 Ra3 65. Kg2 Ra2 1/2-1/2

[Event "SpeedChess Final 2025"]
[Site "London ENG"]
[Date "2026.02.08"]
[Round "2.13"]
[White "Carlsen, Magnus"]
[Black "Firouzja, Alireza"]
[Result "1/2-1/2"]
[WhiteTitle "GM"]
[BlackTitle "GM"]
[WhiteElo "2840"]
[BlackElo "2759"]
[WhiteFideId "1503014"]
[BlackFideId "12573981"]
[EventDate "2026.02.07"]
[EventType "k.o."]

1. d4 Nf6 2. c4 e6 3. Nf3 d5 4. Nc3 Be7 5. cxd5 exd5 6. Qc2 O-O 7. Bg5 h6 8. Bh4
c6 9. e3 Re8 10. Bg3 Nh5 11. Be5 Nd7 12. Bd3 Nxe5 13. Nxe5 Nf6 14. O-O Bd6 15.
f4 c5 16. Rad1 a6 17. a4 Be6 18. Qf2 Rc8 19. h3 Qa5 20. Kh1 cxd4 21. exd4 Bb4
22. Ne2 Ne4 23. Bxe4 dxe4 24. f5 Bb3 25. Rc1 f6 26. Ng4 Rxc1 27. Rxc1 Bd6 28.
Nc3 Bc4 29. Ne3 Bd3 30. Ned5 b5 31. axb5 axb5 32. Qh4 Qd8 33. Re1 Bb8 34. Nxe4
Kh8 35. Nexf6 Rxe1+ 36. Qxe1 gxf6 37. Qe3 Qxd5 38. Qxh6+ Kg8 39. Qg6+ Kf8 40.
Qxf6+ Qf7 41. Qh8+ Qg8 42. Qf6+ Ke8 43. Qc6+ Ke7 44. Qb7+ Kf6 45. Qc6+ Kxf5 46.
Qf3+ Ke6 47. Qxd3 Qg3 48. Qe2+ Kf6 49. Kg1 Bf4 50. Kf1 Be3 51. Qc2 Qf4+ 52. Ke2
Qf2+ 53. Kd3 Qxc2+ 54. Kxc2 Bxd4 55. Kb3 Bc5 56. Kc3 Ke5 57. Kd3 Kf4 58. g4 Be7
59. Kd4 b4 60. Kc4 Kg5 61. b3 Kh4 62. Kb5 Kg5 63. Kc4 Kf4 64. Kb5 Kg5 65. Kc4 1/2-1/2

[Event "SpeedChess Final 2025"]
[Site "London ENG"]
[Date "2026.02.08"]
[Round "2.13"]
[White "Nakamura, Hikaru"]
[Black "Lazavik, Denis"]
[Result "0-1"]
[WhiteTitle "GM"]
[BlackTitle "GM"]
[WhiteElo "2810"]
[BlackElo "2605"]
[WhiteFideId "2016192"]
[BlackFideId "13515110"]
[EventDate "2026.02.07"]
[EventType "k.o."]

1. e4 e5 2. Nf3 Nc6 3. Bb5 a6 4. Ba4 Nf6 5. d3 b5 6. Bb3 Bc5 7. a4 Rb8 8. axb5
axb5 9. Nc3 h6 10. Nd5 d6 11. c3 O-O 12. O-O Nxd5 13. Bxd5 Ne7 14. Bb3 Ng6 15.
Be3 Qf6 16. h3 Be6 17. Bxe6 Qxe6 18. d4 exd4 19. cxd4 Bb6 20. Nd2 f5 21. f3 c5
22. Kh1 cxd4 23. Bg1 Nf4 24. exf5 Qxf5 25. Bh2 d5 26. Qb3 Bc7 27. Rac1 Be5 28.
Ne4 Kh8 29. Nf2 Ne2 30. Rce1 Bxh2 31. Rxe2 Bd6 32. Nd3 Rbe8 33. Rxe8 Rxe8 34.
Qxb5 Re3 35. Rd1 Bg3 36. Qa6 Rxf3 0-1

[Event "SpeedChess Final 2025"]
[Site "London ENG"]
[Date "2026.02.08"]
[Round "2.14"]
[White "Firouzja, Alireza"]
[Black "Carlsen, Magnus"]
[Result "0-1"]
[WhiteTitle "GM"]
[BlackTitle "GM"]
[WhiteElo "2759"]
[BlackElo "2840"]
[WhiteFideId "12573981"]
[BlackFideId "1503014"]
[EventDate "2026.02.07"]
[EventType "k.o."]

1. d4 Nf6 2. c4 e6 3. Nf3 Bb4+ 4. Nbd2 b6 5. a3 Bxd2+ 6. Nxd2 Bb7 7. b3 d6 8.
Bb2 Nbd7 9. e3 Qe7 10. Bd3 Bxg2 11. Rg1 Bb7 12. Rxg7 O-O-O 13. Qe2 Rhg8 14. Rg3
h5 15. O-O-O h4 16. Rgg1 Kb8 17. e4 e5 18. d5 Rxg1 19. Rxg1 Nf8 20. Nf1 Ng6 21.
Bc2 Nf4 22. Qf3 Bc8 23. Kb1 Nh7 24. Ne3 Ng5 25. Qd1 Qf6 26. f3 Ngh3 27. Rf1 Rg8
28. b4 Ng2 29. Ng4 Qg6 30. Bc1 Bxg4 31. fxg4 Nhf4 32. c5 Qxg4 33. Qd2 Qh3 34. c6
Ne3 35. Rf2 Nc4 36. Qd1 Nxa3+ 37. Ka2 Nxc2 38. Rxc2 Qd3 0-1

[Event "SpeedChess Final 2025"]
[Site "London ENG"]
[Date "2026.02.08"]
[Round "2.14"]
[White "Lazavik, Denis"]
[Black "Nakamura, Hikaru"]
[Result "1/2-1/2"]
[WhiteTitle "GM"]
[BlackTitle "GM"]
[WhiteElo "2605"]
[BlackElo "2810"]
[WhiteFideId "13515110"]
[BlackFideId "2016192"]
[EventDate "2026.02.07"]
[EventType "k.o."]

1. c4 e5 2. Nc3 Nf6 3. Nf3 Nc6 4. d3 d5 5. cxd5 Nxd5 6. g3 Nf6 7. Bg2 Bd6 8. Bg5
h6 9. Bxf6 Qxf6 10. O-O O-O 11. Rc1 Qe7 12. a3 Bg4 13. h3 Be6 14. Nd2 Nd4 15. e3
Nf5 16. Nc4 c6 17. Nxd6 Nxd6 18. Qe2 Bb3 19. Nb1 Rfd8 20. Nd2 Be6 21. Nf3 f6 22.
Qc2 a5 23. Nd2 Qd7 24. Nb3 Bf7 25. Nc5 Qe7 26. Rfd1 f5 27. Qe2 a4 28. Qc2 f4 29.
exf4 exf4 30. d4 fxg3 31. fxg3 b6 32. Re1 Qf6 33. Ne4 Qxd4+ 34. Kh2 Nxe4 35.
Rxe4 Qd2 36. Re2 Qxc2 37. Rcxc2 Bd5 38. Bxd5+ cxd5 39. Rc6 d4 40. Rd2 b5 41. Rc5
Rab8 42. Kg2 b4 43. Rc4 bxa3 44. bxa3 Rb3 45. Rxa4 Rc8 46. Raxd4 Rcc3 47. Rg4
Rxa3 48. h4 Rc7 1/2-1/2

[Event "SpeedChess Final 2025"]
[Site "London ENG"]
[Date "2026.02.08"]
[Round "2.15"]
[White "Carlsen, Magnus"]
[Black "Firouzja, Alireza"]
[Result "1/2-1/2"]
[WhiteTitle "GM"]
[BlackTitle "GM"]
[WhiteElo "2840"]
[BlackElo "2759"]
[WhiteFideId "1503014"]
[BlackFideId "12573981"]
[EventDate "2026.02.07"]
[EventType "k.o."]

1. e4 c5 2. c3 Nf6 3. e5 Nd5 4. Nf3 d6 5. d4 cxd4 6. cxd4 Nc6 7. Bc4 Nb6 8. Bb5
Bd7 9. Nc3 dxe5 10. Nxe5 Nxe5 11. dxe5 Bxb5 12. Nxb5 Qxd1+ 13. Kxd1 Nd5 14. Ke2
a6 15. Rd1 O-O-O 16. Nd6+ exd6 17. Rxd5 dxe5 18. Rxe5 Bd6 19. Re4 Rhe8 20. Rxe8
Rxe8+ 21. Be3 Kd7 22. Rd1 Ke6 23. h3 Rc8 24. Rc1 Rxc1 25. Bxc1 Kd5 26. Kd3 g6
27. b3 f5 28. f3 b5 29. Bd2 Bc7 30. Bc1 Bd6 31. Bd2 Bc7 32. Bc1 Bd6 1/2-1/2

[Event "SpeedChess Final 2025"]
[Site "London ENG"]
[Date "2026.02.08"]
[Round "2.15"]
[White "Nakamura, Hikaru"]
[Black "Lazavik, Denis"]
[Result "1/2-1/2"]
[WhiteTitle "GM"]
[BlackTitle "GM"]
[WhiteElo "2810"]
[BlackElo "2605"]
[WhiteFideId "2016192"]
[BlackFideId "13515110"]
[EventDate "2026.02.07"]
[EventType "k.o."]

1. d4 Nf6 2. Nf3 d5 3. e3 e6 4. c4 Be7 5. cxd5 exd5 6. Bd3 O-O 7. O-O Bd6 8. b3
Re8 9. Ba3 Bg4 10. Bxd6 Qxd6 11. Nbd2 Nbd7 12. Qc2 c6 13. Rfe1 Bxf3 14. Nxf3 g6
15. b4 a6 16. a3 Rac8 17. Nd2 Kg7 18. h3 Nf8 19. Nb3 Ne6 20. Nc5 Rc7 21. Nxe6+
Rxe6 22. Qc5 Qd8 23. a4 Ne8 24. Rac1 Ree7 25. Qb6 Nd6 26. b5 Nc8 27. Qa5 b6 28.
Qd2 cxb5 29. axb5 a5 30. Qa2 Red7 31. Rc6 Ne7 32. Rxc7 Rxc7 33. Qa3 Nc8 34. Rc1
Qd6 35. Qa1 Ne7 36. Rxc7 Qxc7 37. Qa3 Nc8 38. Qb3 Qd6 39. Be2 Ne7 40. Bf3 h5 41.
Kf1 Qd7 42. h4 Qd6 43. g3 Qd7 44. Ke2 Qd6 45. Kd2 Qd7 46. Be2 Qf5 47. Ke1 Qc8
48. Kd2 Qf5 49. Ke1 Qc8 50. Kd2 Qf5 1/2-1/2

[Event "SpeedChess Final 2025"]
[Site "London ENG"]
[Date "2026.02.08"]
[Round "2.16"]
[White "Firouzja, Alireza"]
[Black "Carlsen, Magnus"]
[Result "1/2-1/2"]
[WhiteTitle "GM"]
[BlackTitle "GM"]
[WhiteElo "2759"]
[BlackElo "2840"]
[WhiteFideId "12573981"]
[BlackFideId "1503014"]
[EventDate "2026.02.07"]
[EventType "k.o."]

1. d4 Nf6 2. c4 e6 3. Nf3 Bb4+ 4. Nbd2 b6 5. a3 Bxd2+ 6. Nxd2 Bb7 7. f3 Nc6 8.
Nb3 Nh5 9. Be3 f5 10. Bf2 Ne7 11. e3 g5 12. Be2 Ng6 13. Qc2 Nf6 14. O-O-O Qe7
15. d5 c5 16. dxc6 Bxc6 17. Nd4 Rc8 18. Kb1 O-O 19. h4 gxh4 20. Nxc6 dxc6 21. g3
hxg3 22. Bxg3 Rcd8 23. Rdg1 Rf7 24. Be1 Qc5 25. Qb3 a5 26. Ka2 Rg7 27. Bc3 Kf7
28. Bd4 Rxd4 29. exd4 Qxd4 30. Rd1 Qc5 31. Qc3 Ke7 32. Qd2 Rg8 33. Qg5 Nf8 34.
Qh4 Rg2 35. Rhe1 Qf2 36. Qf4 Kf7 37. Qc7+ Kg6 38. Qxc6 h5 39. Qd6 Kf7 40. Qc7+
Kg6 41. Qd8 Kf7 42. Qc7+ Kg6 43. Qd8 Kf7 44. Qc7+ 1/2-1/2

[Event "SpeedChess Final 2025"]
[Site "London ENG"]
[Date "2026.02.08"]
[Round "2.16"]
[White "Lazavik, Denis"]
[Black "Nakamura, Hikaru"]
[Result "1/2-1/2"]
[WhiteTitle "GM"]
[BlackTitle "GM"]
[WhiteElo "2605"]
[BlackElo "2810"]
[WhiteFideId "13515110"]
[BlackFideId "2016192"]
[EventDate "2026.02.07"]
[EventType "k.o."]

1. c4 e5 2. Nc3 Nf6 3. Nf3 Nc6 4. g3 Nd4 5. Bg2 Nxf3+ 6. Bxf3 Bb4 7. O-O O-O 8.
Bg2 c6 9. d3 a5 10. a3 Bc5 11. Bg5 h6 12. Bxf6 Qxf6 13. Ne4 Qe7 14. Nxc5 Qxc5
15. Qd2 a4 16. Rfd1 d6 17. Rac1 Re8 18. e3 Bg4 19. Re1 Qb6 20. d4 e4 21. c5 Qd8
22. cxd6 Qxd6 23. Rc5 b6 24. Rcc1 Bf3 25. Qb4 Qf6 26. Qxb6 Rab8 27. Qxc6 Qxc6
28. Rxc6 Rxb2 29. Rc3 Reb8 30. Bxf3 exf3 31. h4 Re2 32. Rf1 Rb3 33. Rc8+ Kh7 34.
Rc4 Rxa3 35. d5 Rd2 36. e4 Raa2 37. Rc3 f6 38. Rxf3 a3 39. h5 Rd4 40. Re1 Ra4
41. Ree3 Kg8 42. Rd3 Rxe4 43. Rxa3 Rxa3 44. Rxa3 Re5 45. Rd3 Kf7 46. g4 Ke7 47.
Kg2 Kd6 48. Kf3 f5 49. Kf4 fxg4 50. Kxg4 Rg5+ 51. Kh4 Rf5 52. f3 Rxd5 53. Ra3
Rd4+ 54. Kg3 Ke6 55. Ra6+ Kf7 56. Ra7+ Kg8 57. Ra6 Kh7 1/2-1/2

[Event "SpeedChess Final 2025"]
[Site "London ENG"]
[Date "2026.02.08"]
[Round "2.17"]
[White "Carlsen, Magnus"]
[Black "Firouzja, Alireza"]
[Result "1-0"]
[WhiteTitle "GM"]
[BlackTitle "GM"]
[WhiteElo "2840"]
[BlackElo "2759"]
[WhiteFideId "1503014"]
[BlackFideId "12573981"]
[EventDate "2026.02.07"]
[EventType "k.o."]

1. e4 c5 2. c3 Nf6 3. e5 Nd5 4. Nf3 d6 5. Bb5+ Nc6 6. d4 cxd4 7. Nxd4 Bd7 8.
exd6 Nxd4 9. Bxd7+ Qxd7 10. Qxd4 Qxd6 11. O-O e6 12. Rd1 Qc6 13. Nd2 Bc5 14. Qe4
O-O-O 15. Nf1 Rd7 16. Be3 Nxe3 17. Qxc6+ bxc6 18. Rxd7 Kxd7 19. Nxe3 Bxe3 20.
fxe3 Rb8 21. Rd1+ Kc7 22. b3 c5 23. Rf1 f6 24. Kf2 a5 25. Ke2 a4 26. Rb1 axb3
27. axb3 Ra8 28. Rb2 Rd8 29. Ra2 Kb6 30. e4 Kb7 31. Rd2 Rxd2+ 32. Kxd2 Kc6 33.
Ke3 h5 34. h4 Kb6 35. Kf4 Kc6 36. e5 f5 37. c4 Kb6 38. Kg5 Ka5 39. Kxh5 Kb4 40.
Kg6 Kxb3 41. Kxg7 Kxc4 42. h5 Kd5 43. h6 c4 44. h7 1-0

[Event "SpeedChess Final 2025"]
[Site "London ENG"]
[Date "2026.02.08"]
[Round "2.17"]
[White "Nakamura, Hikaru"]
[Black "Lazavik, Denis"]
[Result "0-1"]
[WhiteTitle "GM"]
[BlackTitle "GM"]
[WhiteElo "2810"]
[BlackElo "2605"]
[WhiteFideId "2016192"]
[BlackFideId "13515110"]
[EventDate "2026.02.07"]
[EventType "k.o."]

1. e4 e5 2. Nf3 Nc6 3. Bb5 a6 4. Ba4 Nf6 5. d3 b5 6. Bb3 Bc5 7. Nc3 d6 8. a4 Rb8
9. axb5 axb5 10. h3 h6 11. Nd5 Nxd5 12. Bxd5 Ne7 13. Bb3 Ng6 14. Be3 O-O 15. O-O
Qf6 16. d4 Bb6 17. c3 Re8 18. Bc2 c5 19. d5 c4 20. Bxb6 Rxb6 21. Kh2 Qe7 22. Qd2
Qc7 23. Qe3 Bd7 24. Ra2 Reb8 25. Rfa1 b4 26. Bd1 bxc3 27. Qxc3 Qc5 28. Kg1 Nf4
29. Ra5 Qc8 30. Nd2 Rxb2 31. Nxc4 Bxh3 32. R5a3 Rb1 33. Rxb1 Rxb1 34. Qc2 Rxd1+
35. Qxd1 Qxc4 36. gxh3 Qxe4 37. Qf3 Qf5 38. Kh2 Kh7 39. Re3 g6 40. Ra3 Kg7 41.
Ra4 Qc2 42. Ra3 Qd2 43. Ra6 Qb4 44. Ra2 h5 45. Ra6 Qc5 46. Ra2 Nxd5 47. Rd2 Nf4
48. Qe3 Qc6 49. Qg3 d5 50. Qe3 Qf6 51. Ra2 d4 52. Qf3 Qg5 53. Ra7 Qf5 54. h4 e4
55. Qg3 d3 56. Ra2 Ne2 57. Qe3 Qe5+ 58. Kg2 Qe6 59. Ra4 Qg4+ 60. Kh2 Qg1+ 61.
Kh3 Qh1# 0-1

[Event "SpeedChess Final 2025"]
[Site "London ENG"]
[Date "2026.02.08"]
[Round "2.18"]
[White "Firouzja, Alireza"]
[Black "Carlsen, Magnus"]
[Result "1-0"]
[WhiteTitle "GM"]
[BlackTitle "GM"]
[WhiteElo "2759"]
[BlackElo "2840"]
[WhiteFideId "12573981"]
[BlackFideId "1503014"]
[EventDate "2026.02.07"]
[EventType "k.o."]

1. d4 Nf6 2. c4 e6 3. Nf3 d5 4. Nc3 Be7 5. Bf4 O-O 6. e3 c5 7. dxc5 Bxc5 8. Qc2
Nc6 9. a3 Re8 10. Bg5 Be7 11. Rd1 Qa5 12. Be2 Ne4 13. Bxe7 Nxe7 14. O-O Nxc3 15.
bxc3 h6 16. cxd5 Nxd5 17. Rd3 e5 18. c4 Nf6 19. Rb3 Qc7 20. h3 b6 21. Rc1 Be6
22. Rc3 Nd7 23. Nd2 Nc5 24. Ne4 Rad8 25. Bg4 Bxg4 26. hxg4 f6 27. Nxc5 Qxc5 28.
Rd3 Rxd3 29. Qxd3 Rc8 30. a4 Qc6 31. Qb3 Kh8 32. Qb5 Qe6 33. f3 Rc5 34. Qb3 e4
35. Kf2 Qc8 36. Qc2 a6 37. Qxe4 b5 38. axb5 axb5 39. Ra1 f5 40. gxf5 Qxf5 41.
Qxf5 Rxf5 42. Ra5 Rc5 43. cxb5 Rc2+ 44. Kg3 Rb2 45. Ra8+ Kh7 46. Rb8 g5 47. e4
h5 48. b6 Kg7 49. b7 1-0

[Event "SpeedChess Final 2025"]
[Site "London ENG"]
[Date "2026.02.08"]
[Round "2.18"]
[White "Lazavik, Denis"]
[Black "Nakamura, Hikaru"]
[Result "1/2-1/2"]
[WhiteTitle "GM"]
[BlackTitle "GM"]
[WhiteElo "2605"]
[BlackElo "2810"]
[WhiteFideId "13515110"]
[BlackFideId "2016192"]
[EventDate "2026.02.07"]
[EventType "k.o."]

1. c4 e5 2. Nc3 Nf6 3. Nf3 Nc6 4. d3 g6 5. g3 Bg7 6. Bg2 d5 7. cxd5 Nxd5 8. O-O
Nde7 9. Rb1 O-O 10. b4 Nd4 11. a4 a6 12. Bg5 h6 13. Bxe7 Qxe7 14. Nxd4 exd4 15.
Ne4 a5 16. b5 Re8 17. Qc2 Bf5 18. Rfc1 Rac8 19. Qc5 b6 20. Qxe7 Rxe7 21. Bf3 Be6
22. Rc2 Be5 23. Nd2 Rce8 24. Nc4 Bf6 25. Rbc1 Bg5 26. Rb1 Kg7 27. Nd2 Bf6 28.
Rbc1 Bg5 29. Rb1 Bf6 30. Rbc1 Bg5 31. Rb1 1/2-1/2

[Event "SpeedChess Final 2025"]
[Site "London ENG"]
[Date "2026.02.08"]
[Round "2.19"]
[White "Carlsen, Magnus"]
[Black "Firouzja, Alireza"]
[Result "1-0"]
[WhiteTitle "GM"]
[BlackTitle "GM"]
[WhiteElo "2840"]
[BlackElo "2759"]
[WhiteFideId "1503014"]
[BlackFideId "12573981"]
[EventDate "2026.02.07"]
[EventType "k.o."]

1. e4 c6 2. d4 d5 3. exd5 cxd5 4. Bd3 Nf6 5. c3 Bg4 6. Ne2 Nc6 7. h3 Bh5 8. Bf4
e6 9. Nd2 Bd6 10. Bxd6 Qxd6 11. O-O O-O 12. Qb3 Rab8 13. Ng3 b5 14. a3 a6 15.
Rfe1 Bg6 16. Bxg6 hxg6 17. Nf3 Na5 18. Qc2 Nc4 19. Ne5 Rfc8 20. Nd3 a5 21. Qe2
Re8 22. Rad1 Nd7 23. Nf1 e5 24. b3 Nxa3 25. dxe5 Qc7 26. Ne3 Qb7 27. Qf3 Nxe5
28. Nxe5 Rxe5 29. Nxd5 Rxe1+ 30. Rxe1 Kf8 31. Re7 1-0

[Event "SpeedChess Final 2025"]
[Site "London ENG"]
[Date "2026.02.08"]
[Round "2.19"]
[White "Nakamura, Hikaru"]
[Black "Lazavik, Denis"]
[Result "1/2-1/2"]
[WhiteTitle "GM"]
[BlackTitle "GM"]
[WhiteElo "2810"]
[BlackElo "2605"]
[WhiteFideId "2016192"]
[BlackFideId "13515110"]
[EventDate "2026.02.07"]
[EventType "k.o."]

1. e4 e5 2. Nf3 Nc6 3. Nc3 Nf6 4. d4 exd4 5. Nxd4 Bb4 6. Nxc6 bxc6 7. Bd3 O-O 8.
O-O d5 9. exd5 cxd5 10. h3 c6 11. Qf3 Bd6 12. Re1 Bd7 13. Bg5 h6 14. Bh4 Rb8 15.
b3 Rb4 16. Bg3 Qc7 17. Ne2 Re8 18. Rad1 Rbb8 19. Bh4 Be5 20. c4 Qd6 21. cxd5
cxd5 22. Bg3 a5 23. Nd4 Bxg3 24. Qxg3 Qxg3 25. fxg3 Kf8 26. Rxe8+ Bxe8 27. a3
Rc8 28. b4 axb4 29. axb4 Nd7 30. b5 Nb6 31. Ra1 Rb8 32. Rb1 Ke7 33. Nf5+ Kf6 34.
Rf1 g6 35. Nxh6+ Kg7 36. Ng4 Nc4 37. Nf6 Bxb5 38. Nxd5 Nd6 39. Rb1 Rb7 40. Bxb5
Rxb5 41. Rd1 Rb2 42. g4 Nc4 43. Re1 Rd2 44. Nc3 Rd3 45. Nd1 Nd6 46. Nf2 Rd4 47.
Kh2 Rd2 48. Kg3 Rd4 49. Ra1 Ne4+ 50. Nxe4 Rxe4 51. Kf3 Rc4 52. Kg3 g5 53. Kh2
Rc3 54. Ra5 Kg6 55. Ra6+ f6 56. Ra5 Rc2 1/2-1/2

[Event "SpeedChess Final 2025"]
[Site "London ENG"]
[Date "2026.02.08"]
[Round "2.20"]
[White "Firouzja, Alireza"]
[Black "Carlsen, Magnus"]
[Result "1/2-1/2"]
[WhiteTitle "GM"]
[BlackTitle "GM"]
[WhiteElo "2759"]
[BlackElo "2840"]
[WhiteFideId "12573981"]
[BlackFideId "1503014"]
[EventDate "2026.02.07"]
[EventType "k.o."]

1. d4 Nf6 2. c4 e6 3. Nf3 Bb4+ 4. Nbd2 O-O 5. a3 Be7 6. e4 d6 7. Be2 Nfd7 8. Nb1
e5 9. Nc3 Re8 10. O-O a5 11. Qc2 Nc6 12. Be3 exd4 13. Nxd4 Bf6 14. Rad1 Nxd4 15.
Bxd4 Bxd4 16. Rxd4 Nc5 17. Rfd1 Bd7 18. Bf1 Bc6 19. f3 a4 20. Qf2 Qf6 21. R4d2
Nb3 22. Re2 Nc5 23. Na2 h5 24. Nb4 Re5 25. Qd4 h4 26. h3 Rae8 27. Qc3 Qh6 28.
Rf2 Qf4 29. Qd2 Qxd2 30. Rfxd2 g5 31. Nc2 f5 32. exf5 Rxf5 33. Nd4 Rfe5 34. Kf2
Kg7 35. Re2 Kf6 36. Rxe5 Rxe5 37. Ne2 Ne6 38. Nc3 Nf4 39. Bd3 Rc5 40. Bf1 Re5
41. Rd2 Rc5 42. Rd4 Ke5 43. Rd2 Kf6 44. Rd4 Ne6 45. Rd2 Nf4 1/2-1/2

[Event "SpeedChess Final 2025"]
[Site "London ENG"]
[Date "2026.02.08"]
[Round "2.20"]
[White "Lazavik, Denis"]
[Black "Nakamura, Hikaru"]
[Result "1-0"]
[WhiteTitle "GM"]
[BlackTitle "GM"]
[WhiteElo "2605"]
[BlackElo "2810"]
[WhiteFideId "13515110"]
[BlackFideId "2016192"]
[EventDate "2026.02.07"]
[EventType "k.o."]

1. c4 e5 2. Nc3 Nc6 3. Nf3 Nf6 4. d3 d5 5. cxd5 Nxd5 6. g3 Nde7 7. Bg2 g6 8. O-O
Bg7 9. Rb1 a5 10. a3 O-O 11. b4 axb4 12. axb4 Nd4 13. Bg5 f6 14. Bd2 Be6 15. b5
Qd7 16. Nxd4 exd4 17. Ne4 b6 18. Qc2 h6 19. Bb4 Rac8 20. Rfc1 Rfe8 21. Bxe7 Qxe7
22. Ra1 Qd7 23. Qb2 Bf7 24. Bf3 g5 25. Re1 f5 26. Nd2 Re5 27. Bc6 Qd6 28. Rac1
Re7 29. Nc4 Qf6 30. Nd2 h5 31. Nf3 h4 32. Qd2 Bh6 33. Qb4 hxg3 34. hxg3 g4 35.
Nxd4 Bxc1 36. Rxc1 Rd8 37. Nxf5 Re5 38. Qxg4+ Qg6 39. Qxg6+ Bxg6 40. Ne3 Bf7 41.
Kg2 Kg7 42. Ra1 Be8 43. Bxe8 Rdxe8 44. Rb1 Kf7 45. d4 Re4 46. Rc1 R8e7 47. Nf5
Rd7 48. e3 Kf6 49. f3 Re8 50. e4 Ra8 51. f4 Ra5 52. Rc6+ Kf7 53. e5 Ke8 54. e6
Rh7 55. d5 Rxb5 56. d6 Rc5 57. d7+ Kd8 58. Rxc5 bxc5 59. Kf3 c4 60. Ke4 c3 61.
Nd4 1-0